Text Book of Communication Skill - I (Record no. 5957)

MARC details
000 -LEADER
fixed length control field 00401nam a2200157Ia 4500
008 - FIXED-LENGTH DATA ELEMENTS--GENERAL INFORMATION
fixed length control field 221030s9999 xx 000 0 und d
041 ## - LANGUAGE CODE
Language code of text/sound track or separate title
082 ## - DEWEY DECIMAL CLASSIFICATION NUMBER
Classification number 105.23
Item number Sin
100 ## - MAIN ENTRY--AUTHOR NAME
Personal name Gurvinder Sigh
245 #0 - TITLE STATEMENT
Title Text Book of Communication Skill - I
Statement of responsibility, etc by Gurvinder Sigh, R. Kour
260 ## - PUBLICATION, DISTRIBUTION, ETC. (IMPRINT)
Name of publisher Indian Pub.
Place of publication Jalandhar
Year of publication 1999
300 ## - PHYSICAL DESCRIPTION
Number of Pages 48
650 ## - SUBJECT ADDED ENTRY--TOPICAL TERM
Topical Term ENGLISH
700 ## - ADDED ENTRY--PERSONAL NAME
Personal name R. Kour
942 ## - ADDED ENTRY ELEMENTS (KOHA)
Koha item type Books
Holdings
Accession Number Cost, normal purchase price Serial Enumeration / chronology Full call number Price effective from Koha item type Withdrawn / writtenoff status Materials specified (bound volume or other part) Damaged status Not for loan Permanent Location Current Location Shelving location Date acquired Lost/ Missing status department
BE 672 100.00 1 105.23 Sin 10/30/2022 Books   Print   Not For Loan MIET Library, Jammu MIET Library, Jammu BL-Second, FL-1, CUP-57, SH-1, R-1 11/30/1999   BE